| 000 | 00628nam a22002057a 4500 | ||
|---|---|---|---|
| 005 | 20251108173220.0 | ||
| 008 | 250721s2005 xx 000 0 ara d | ||
| 082 | 1 | 4 | _a362.6/ فاخ |
| 100 | 1 | _aفاخوري، سميرة عيسى | |
| 245 | 1 | 0 | _aمشروع العطاء و التميز / |
| 264 | 1 |
_aعمان : _bالمؤلف، _c2005. |
|
| 300 | _a56ص. | ||
| 650 | 1 | 7 | _aالخدمات الإجتماعية |
| 650 | 1 | 7 | _aرعاية المسنين |
| 650 | 1 | 7 | _aالمشاكل الإجتماعية |
| 650 | 1 | 7 | _aكبار السن |
| 650 | 1 | 7 | _aالجمعيات التعاونية |
| 942 |
_2ddc _cBK |
||
| 999 |
_c98742 _d98742 |
||